000 00337nam a2200145Ia 4500
008 230917s9999||||xx |||||||||||||| ||und||
040 _e207344
_aMAIN
041 _aEnglish
082 _a843.6 B219C
100 _aBalzac, Honore De
245 0 _aChouans
260 _aNew York
_bPenguin Books
_c1978
300 _a388 p.
942 _cBK
999 _c197395
_d197395